000
00290nam a2200121Ia 4500
008
190216s9999||||xx |||||||||||||| ||und||
100
_a
Banerjee U K & Sachadeva
245
0
_a
Management Information Systems
260
_b
Null
_c
1999
300
_a
250p
650
_a
Commerce
942
_c
BK
999
_c
5575
_d
5575